000 00305nam a22001337a 4500
008 170713b xxu||||| |||| 00| 0 eng d
020 _a9780155036864
041 _aeng
080 _a101
100 _a24
101 _aFJA
245 _aA SHORT INTRODUCTION TO PHILOSOPHY
_cSOLOMON R,C
942 _2udc
_cBK
999 _c20464
_d20464